| 000 | 00792nas a2200289 4500 | ||
|---|---|---|---|
| 001 | BR0705746 | ||
| 003 | BR-BrBNA | ||
| 005 | 20231205111018.0 | ||
| 007 | ta | ||
| 008 | 230509b bl.|||p| |||| 00| 00por d | ||
| 040 |
_aBR-BrBNA _bpor _cBiblioteca Nacional de Agricultura |
||
| 041 | _a(Pt) | ||
| 072 | _aE70; E71; E21 | ||
| 100 | 1 | _a(Anon.) | |
| 245 | 1 | _aA competitividade cadeias agroindustriais | |
| 650 | _aAGROINDÚSTRIA | ||
| 650 | _aPRODUTIVIDADE | ||
| 650 | _aGATT | ||
| 650 | _aCOMERCIALIZAÇÃO | ||
| 650 | _aNORMA | ||
| 650 | _aEXPORTAÇÃO | ||
| 650 | _aRASTREAMENTO | ||
| 650 | _aCADEIA PRODÚTIVA | ||
| 773 | 0 |
_tAgroanalysis (Brazil) _xISSN 0100-4298 _g(Jun 2005), v. 25(6) p. 44 _wBR0705746 |
|
| 909 |
_a202311 _bLúcia _c55 _dLúcia Elande |
||
| 942 |
_2AGRIS _n0 _cANA |
||
| 999 |
_c190179 _d190179 |
||